Dibujo y proyecto /
Obra que explica cómo se utiliza el conocimiento visual para abordar problemas generales del diseño arquitectónico como base para concebir un proyecto. Se abordan los principios tradicionales básicos de la expresión gráfica -línea, forma, textura, estructura, espacio- y los sistemas más frecuentes d...
Gespeichert in:
| 1. Verfasser: | |
|---|---|
| Weitere Verfasser: | |
| Format: | Buch |
| Sprache: | Spanisch |
| Veröffentlicht: |
México :
Gustavo Gili,
2002, c1999
|
| Ausgabe: | 2a edición |
| Schlagworte: | |
| Tags: |
Keine Tags, Fügen Sie das erste Tag hinzu!
|
MARC
| LEADER | 00000nam^a2200000^a^4500 | ||
|---|---|---|---|
| 001 | 000175382 | ||
| 005 | 20250521000000.0 | ||
| 009 | 20260310101601.884 | ||
| 020 | |a 968-887-365-9 | ||
| 037 | |a Acervo ITESO - Biblioteca | ||
| 041 | |a ESP | ||
| 082 | |a 741. |b CHI | ||
| 100 | |a Ching, Francis D.K. |e (autor) | ||
| 245 | 1 | 0 | |a Dibujo y proyecto / |c D.K.F. Ching, S.P. Juroszek. |
| 250 | |a 2a edición | ||
| 264 | 4 | |a México : |b Gustavo Gili, |c 2002, c1999 | |
| 300 | |a VI, 345 p. | ||
| 336 | |a texto |b txt |2 rdacontenido | ||
| 337 | |a sin mediación |b n |2 rdamedio | ||
| 338 | |a volumen |b nc |2 rdasoporte | ||
| 500 | |a Traducción de: Design Drawing | ||
| 520 | |a Obra que explica cómo se utiliza el conocimiento visual para abordar problemas generales del diseño arquitectónico como base para concebir un proyecto. Se abordan los principios tradicionales básicos de la expresión gráfica -línea, forma, textura, estructura, espacio- y los sistemas más frecuentes de representación: diédrico, axonometría y perspectiva cónica. | ||
| 649 | |a XX | ||
| 650 | |a Espacio (Arte) | ||
| 650 | |a Composición (Arte) | ||
| 650 | |a Perspectiva | ||
| 650 | |a Dibujo - |x Técnica | ||
| 650 | |a Dibujo Arquitectónico - |x Técnica - |x Tema Principal | ||
| 650 | |a Diseño Arquitectónico - |x Técnica | ||
| 650 | |a Proyecto Arquitectónico - |x Tema Principal | ||
| 650 | |a Arquitectura - |x Técnica | ||
| 700 | |a Juroszek, Steven P. |e (autor) | ||
| 910 | |a Fondo General | ||
| 920 | |a Impresos - Libros | ||
| 930 | |a Colección General | ||
| 905 | |a 101 | ||
| 901 | |a 0500113368 |b IT1 |c ACC |u 20250521 | ||
| 902 | |a https://opac.biblio.iteso.mx/vufind/Record/000175382 | ||